000 00304nam a22001217a 4500
008 181022b xxu||||| |||| 00| 0 eng d
041 _aeng
080 _a701
100 _a44
101 _aART
245 _aIn the Sunlight: The Floral and Figurative Art of J.H.Twachtman
_cPeters,L.N
942 _2udc
_cBK
999 _c50434
_d50434